000 00710nam a2200229 i 4500
001 105047
003 ES-MaACL
005 20250925165340.0
007 t|
008 060607s1992 fr |||| | fre d
020 _a2-221-06811-4
080 _a94(460)"5/19"
245 0 0 _aHistoire des espagnols
_b: VIe-XXe siècle /
_c[sous la direction de] Bartolomé Bennassar.
260 _aParis :
_bRobert Laffont,
_c[1992]
300 _a1132 p. ;
_c20 cm.
490 1 _aBouquins
651 4 _aEspaña-
_xHistoria.
_98209
700 1 _aBennassar, Bartolomé,
_d1929-
_927727
830 0 _aBouquins
_9184870
852 _aES-MaACL
_jE-11263
_z. - Biblioteca Jacinto Martínez Lacalle
999 _c105047
_d105047